Fundamentos y legislacion de la calidad y auditoria en salud / (Registro nro. 10281)

Detalles MARC
000 -LEADER
fixed length control field 01277nam a2200337 4500
001 - CONTROL NUMBER
control field 0000018212
003 - CONTROL NUMBER IDENTIFIER
control field CO-CtgCURN
005 - DATE AND TIME OF LATEST TRANSACTION
control field 20250329191002.0
007 - PHYSICAL DESCRIPTION FIXED FIELD--GENERAL INFORMATION
fixed length control field ta
008 - FIXED-LENGTH DATA ELEMENTS--GENERAL INFORMATION
fixed length control field 160627s2001 000 0 eng d
020 ## - INTERNATIONAL STANDARD BOOK NUMBER
International Standard Book Number 9583324655
040 ## - CATALOGING SOURCE
Original cataloging agency CO-CtgCURN
Language of cataloging spa
Transcribing agency coctgcurn
082 0# - DEWEY DECIMAL CLASSIFICATION NUMBER
Classification number 658.4013
Item number Q487
100 1# - MAIN ENTRY--PERSONAL NAME
Personal name Quiros Arango, Héctor Manuel.
245 10 - TITLE STATEMENT
Title Fundamentos y legislacion de la calidad y auditoria en salud /
Statement of responsibility, etc. Héctor Manuel Quiros Arango.
260 ## - PUBLICATION, DISTRIBUTION, ETC.
Place of publication, distribution, etc. Bogotá :
Name of publisher, distributor, etc. Zuluaga,
Date of publication, distribution, etc. 2001.
300 ## - PHYSICAL DESCRIPTION
Extent 294 p.
336 ## - CONTENT TYPE
Source rdacontent
337 ## - MEDIA TYPE
Source rdamedia
Media type term sin mediacion
Media type code n
338 ## - CARRIER TYPE
Source rdacarrier
Carrier type term volumen
Carrier type code nc
490 1# - SERIES STATEMENT
Series statement Calidad y auditoria en salud
500 ## - GENERAL NOTE
General note Incluye Glosario (p. 269)
504 ## - BIBLIOGRAPHY, ETC. NOTE
Bibliography, etc. note Bibliografia (p. 293)
505 8# - FORMATTED CONTENTS NOTE
Formatted contents note Nocion de la calidad en salud.--El sistema de garantia de calidad.--Implementacion del sistema de garantia de calidad.--Gestion de calidad.--Marco normativo de la calidad y auditoria
650 14 - SUBJECT ADDED ENTRY--TOPICAL TERM
Topical term or geographic name entry element Auditoria en salud.
908 ## - PUT COMMAND PARAMETER (RLIN)
Put command parameter 160627
942 ## - ADDED ENTRY ELEMENTS (KOHA)
Koha item type Libros
Classification part 658.4013
Item part Q487
Source of classification or shelving scheme Dewey Decimal Classification
Existencias
Withdrawn status Lost status Source of classification or shelving scheme Damaged status Not for loan Collection Home library Current library Shelving location Date acquired Inventory number Total checkouts Full call number Barcode Date last seen Copy number Price effective from Koha item type Public note
    Dewey Decimal Classification     General Miguel Henríquez Emiliani Miguel Henríquez Emiliani General 03/29/2025 010664   658.4013 Q487 010664 03/29/2025 ej.1 03/29/2025 Libros 650-ADMINS
    Dewey Decimal Classification     General Miguel Henríquez Emiliani Miguel Henríquez Emiliani General 03/29/2025 010665   658.4013 Q487 010665 03/29/2025 ej.2 03/29/2025 Libros 650-ADMINS
    Dewey Decimal Classification     General Miguel Henríquez Emiliani Miguel Henríquez Emiliani General 03/29/2025 010666   658.4013 Q487 010666 03/29/2025 ej.3 03/29/2025 Libros 650-ADMINS